Social Science Citation Index With Abstract (Record no. 23364)
[ view plain ]
| 000 -LEADER | |
|---|---|
| fixed length control field | 00242nam a2200097Ia 4500 |
| 008 - FIXED-LENGTH DATA ELEMENTS--GENERAL INFORMATION | |
| fixed length control field | 190716s9999 xx 000 0 und d |
| 245 #0 - TITLE STATEMENT | |
| Title | Social Science Citation Index With Abstract |
| 300 ## - PHYSICAL DESCRIPTION | |
| Accompanying material | CD |
| 650 ## - SUBJECT ADDED ENTRY--SUBJECT 1 | |
| Subject | Social Science |
| 942 ## - ADDED ENTRY ELEMENTS (KOHA) | |
| Koha item type | Multi-Media |
| Withdrawn status | Circulation Status | Year | Home library | Current library | Entry Date | Accession Number | Koha item type | Remark |
|---|---|---|---|---|---|---|---|---|
| 2009 | NASSDOC Library | NASSDOC Library | 16/07/2019 | MM0046 | Multi-Media | Citation index |
